Silent Theater : (Record no. 584242)

MARC details
000 -LEADER
fixed length control field 00425nam a2200181 a 4500
008 - FIXED-LENGTH DATA ELEMENTS--GENERAL INFORMATION
fixed length control field 250828s2007##################000#0#eng##
020 ## - INTERNATIONAL STANDARD BOOK NUMBER
ISBN 9780714845418
082 04 - DEWEY DECIMAL CLASSIFICATION NUMBER
Classification number 759.13
Item number WEL
100 1# - MAIN ENTRY--AUTHOR NAME
Personal name Wells, Walter,
245 10 - TITLE STATEMENT
Title Silent Theater :
260 ## - PUBLICATION, DISTRIBUTION, ETC. (IMPRINT)
Name of publisher Phaidon Press,
Year of publication 2007.
650 #0 - SUBJECT ADDED ENTRY--TOPICAL TERM
Topical Term Art.
942 ## - ADDED ENTRY ELEMENTS (KOHA)
Koha item type English Books
Holdings
Withdrawn status Lost status Damaged status Not for loan Home library Current library Shelving location Date acquired Full call number Accession Number Price effective from Koha item type
        Anna Centenary Library Anna Centenary Library 6TH FLOOR, B WING 28.08.2025 759.13 WEL 284217 28.08.2025 English Books

Find us on the map